[Event "Ruhrgebiet VL1 0405"]
[Site "Ruhrgebiet"]
[Date "2005.01.09"]
[Round "5.7"]
[White "Kitis, Peter"]
[Black "Wiktor, Reinhard"]
[Result "0-1"]
[WhiteElo "1676"]
[BlackElo "1910"]
[PlyCount "88"]
[EventDate "2004.09.12"]
[EventType "team"]
[EventRounds "9"]
[EventCountry "GER"]
[SourceTitle "EXT 2006"]
[Source "ChessBase"]
[SourceDate "2005.11.24"]
[SourceVersion "1"]
[SourceVersionDate "2005.11.24"]
[SourceQuality "1"]
[WhiteTeam "Laeufer Ost"]
[BlackTeam "Mengede SG"]
[WhiteTeamCountry "GER"]
[BlackTeamCountry "GER"]

1. d4 Nf6 2. c4 g6 3. Nc3 Bg7 4. Nf3 d6 5. e3 0-0 6. Be2 Nc6 7. 0-0 Bd7 8. a3 a5 9. Qc2 e5 10. d5 Nb8 11. Bd2 Na6 12. e4 h6 13. Be3 Ng4 14. Qd2 Nxe3 15. Qxe3 a4 16. Nd2 Kh7 17. f4 exf4 18. Rxf4 Qe7 19. Raf1 f5 20. Bd3 Rae8 21. Qf2 Nc5 22. Bc2 Be5 23. exf5 Bxf4 24. fxg6+ Kg7 25. Nde4 Bxh2+ 26. Kxh2 Rxf2 27. Rxf2 Qh4+ 28. Kg1 Re7 29. g3 Qh3 30. Rh2 Qg4 31. Rh4 Qxg6 32. Rf4 Bf5 33. Kf2 Nxe4+ 34. Bxe4 Bxe4 35. Nb5 Rf7 36. Nd4 Rxf4+ 37. gxf4 Bf5 38. b4 h5 39. c5 h4 40. Nb5 Bd3 41. Ke3 Bxb5 42. c6 bxc6 43. dxc6 Qd3+ 44. Kf2 Qg3# 0-1

[Event "Ruhrgebiet VL1 0405"]
[Site "Ruhrgebiet"]
[Date "2004.10.10"]
[Round "2.7"]
[White "Wiktor, Reinhard"]
[Black "Nadrowski, Joseph"]
[Result "1-0"]
[WhiteElo "1910"]
[BlackElo "1706"]
[PlyCount "157"]
[EventDate "2004.09.12"]
[EventType "team"]
[EventRounds "9"]
[EventCountry "GER"]
[SourceTitle "EXT 2006"]
[Source "ChessBase"]
[SourceDate "2005.11.24"]
[SourceVersion "1"]
[SourceVersionDate "2005.11.24"]
[SourceQuality "1"]
[WhiteTeam "Mengede SG"]
[BlackTeam "Werne SK"]
[WhiteTeamCountry "GER"]
[BlackTeamCountry "GER"]

1. d4 d5 2. c4 e6 3. e3 Nf6 4. Nf3 c5 5. cxd5 exd5 6. dxc5 Bxc5 7. Qc2 Bb4+ 8. Bd2 Bxd2+ 9. Nbxd2 0-0 10. Bd3 h6 11. 0-0 Nc6 12. a3 Be6 13. b4 Rc8 14. Qb2 Re8 15. Rfd1 a6 16. Nb3 Bg4 17. Be2 Rc7 18. Nc5 Ne5 19. Nxe5 Bxe2 20. Nxf7 Rxf7 21. Qxe2 b6 22. Nb3 Ne4 23. Rf1 Ref8 24. f3 Nd6 25. Nd4 Qe8 26. Rfe1 Re7 27. Qd3 Nc4 28. Nc2 Kh8 29. Qxd5 Nxe3 30. Nxe3 Rxe3 31. Qd2 Rxe1+ 32. Rxe1 Qg6 33. Qe2 b5 34. Qe7 Qb6+ 35. Qe3 Qg6 36. Qe6 Rf6 37. Qe8+ Kh7 38. Qxg6+ Kxg6 39. Re7 Rc6 40. h3 Kf6 41. Rd7 g5 42. Kh2 Ke6 43. Rd3 Ke5 44. Kg3 Rc4 45. Re3+ Kf5 46. Rd3 Ke5 47. Rd8 h5 48. Rg8 h4+ 49. Kh2 Kf6 50. Ra8 Rc6 51. Rd8 Ke5 52. Rg8 Kf4 53. Rf8+ Ke3 54. Rf5 Rg6 55. Kg1 Kd3 56. f4 gxf4 57. Rxf4 Rh6 58. Kf2 Kc2 59. Rf3 Rd6 60. g4 Rd2+ 61. Ke3 Rd1 62. Kf4 Rg1 63. Kg5 Rg3 64. Rf2+ Kb1 65. Kxh4 Rxa3 66. g5 a5 67. bxa5 Rxa5 68. g6 Ra8 69. Kg5 b4 70. h4 b3 71. g7 b2 72. h5 Ka1 73. Rxb2 Kxb2 74. h6 Ra5+ 75. Kg6 Kc3 76. g8Q Ra6+ 77. Kh5 Ra2 78. Qg3+ Kd4 79. h7 1-0

[Event "Ruhrgebiet VL1 0405"]
[Site "Ruhrgebiet"]
[Date "2004.09.12"]
[Round "1.7"]
[White "Jochmann, Christian"]
[Black "Wiktor, Reinhard"]
[Result "1/2-1/2"]
[WhiteElo "1941"]
[BlackElo "1910"]
[PlyCount "55"]
[EventDate "2004.09.12"]
[EventType "team"]
[EventRounds "9"]
[EventCountry "GER"]
[SourceTitle "EXT 2006"]
[Source "ChessBase"]
[SourceDate "2005.11.24"]
[SourceVersion "1"]
[SourceVersionDate "2005.11.24"]
[SourceQuality "1"]
[WhiteTeam "Brambauer"]
[BlackTeam "Mengede SG"]
[WhiteTeamCountry "GER"]
[BlackTeamCountry "GER"]

1. e4 g6 2. d4 d6 3. Nc3 Bg7 4. Be3 c6 5. Qd2 Qa5 6. Bc4 e6 7. a3 d5 8. b4 Qc7 9. Bd3 dxe4 10. Nxe4 Ne7 11. Nf3 Nd7 12. 0-0 Nf5 13. Bf4 e5 14. dxe5 Nxe5 15. Nxe5 Bxe5 16. Nf6+ Kf8 17. Bxe5 Qxe5 18. Bxf5 Qxf6 19. Bxc8 Rxc8 20. Qd7 Rb8 21. Rad1 Kg7 22. Qd4 Qxd4 23. Rxd4 Rhe8 24. Rfd1 Re2 25. R4d2 Re5 26. Rd7 Rbe8 27. g3 R8e7 28. Kg2 1/2-1/2

[Event "Ruhrgebiet VL2 0304"]
[Site "Ruhrgebiet"]
[Date "2003.09.28"]
[Round "1.8"]
[White "Schuetze, Andre"]
[Black "Wiktor, Reinhard"]
[Result "1/2-1/2"]
[WhiteElo "1898"]
[BlackElo "1884"]
[PlyCount "81"]
[EventDate "2003.09.28"]
[EventType "team"]
[EventRounds "9"]
[EventCountry "GER"]
[SourceTitle "EXT 2007"]
[Source "ChessBase"]
[SourceDate "2006.11.23"]
[SourceVersion "1"]
[SourceVersionDate "2006.11.23"]
[SourceQuality "1"]
[WhiteTeam "Horst"]
[BlackTeam "Mengede SG"]
[WhiteTeamCountry "GER"]
[BlackTeamCountry "GER"]

1. c4 Nf6 2. Nf3 g6 3. g3 Bg7 4. Bg2 0-0 5. 0-0 d6 6. Nc3 Nc6 7. Rb1 Bf5 8. d3 e5 9. e4 Bg4 10. h3 Bd7 11. Nd5 Nxd5 12. cxd5 Ne7 13. Be3 c6 14. dxc6 Bxc6 15. Qd2 f6 16. Rfe1 Rf7 17. Nh2 f5 18. f4 d5 19. exf5 Nxf5 20. Bf2 exf4 21. Qxf4 d4 22. Bxc6 bxc6 23. Qe4 Qf6 24. Ng4 Qd6 25. Qe6 Qxe6 26. Rxe6 c5 27. Rc1 Raf8 28. Rc2 Rc8 29. b3 Kf8 30. Ne5 Re7 31. Rxe7 Kxe7 32. Nf3 Kd7 33. g4 Ne7 34. Ng5 Nd5 35. Ne4 Bf8 36. Bg3 Be7 37. Rf2 Ke6 38. Rc2 Nb6 39. Re2 Kd7 40. Rd2 Rf8 41. Kg2 1/2-1/2

[Event "Ruhrgebiet VK1 0001"]
[Site "Ruhrgebiet"]
[Date "2000.12.10"]
[Round "4"]
[White "Wiktor, Reinhard"]
[Black "Thormann, Olaf"]
[Result "1/2-1/2"]
[WhiteElo "1876"]
[BlackElo "1803"]
[PlyCount "124"]
[EventDate "2000.09.17"]
[EventType "team-tourn"]
[EventRounds "9"]
[EventCountry "GER"]
[SourceTitle "EXT 2023"]
[Source "ChessBase"]
[SourceDate "2022.10.05"]
[SourceVersion "1"]
[SourceVersionDate "2022.10.05"]
[SourceQuality "1"]
[WhiteTeam "Mengede SG"]
[BlackTeam "Doppelbauer Brambauer"]
[WhiteTeamCountry "GER"]
[BlackTeamCountry "GER"]

1. d4 d5 2. Nf3 c6 3. g3 Bf5 4. Bg2 Nf6 5. 0-0 h6 6. b3 e6 7. Bb2 Nbd7 8. Nbd2 Rc8 9. c4 b6 10. Ne5 Nxe5 11. dxe5 Nd7 12. e4 dxe4 13. Nxe4 Bxe4 14. Bxe4 Qc7 15. f4 Nc5 16. Bc2 g6 17. Qf3 Be7 18. Rad1 a5 19. Rd2 b5 20. cxb5 cxb5 21. Bd1 Qc6 22. Qxc6+ Rxc6 23. Bf3 Rc7 24. Be2 b4 25. Bb5+ Kf8 26. Rc2 Rb7 27. Bc6 Rc7 28. Bf3 Kg7 29. Bd4 Rd8 30. Bf2 Rd3 31. Kg2 Rc3 32. Rd2 Nd3 33. Rfd1 Nxf2 34. Kxf2 Bc5+ 35. Kg2 Be3 36. Re2 Rc2 37. Kf1 Bb6 38. Be4 Rc1 39. Ree1 Rxd1 40. Rxd1 Rc3 41. Bd3 a4 42. bxa4 Ra3 43. Bc4 Rxa4 44. Rd7 Kf8 45. Rb7 Bc5 46. Rb5 Be7 47. Rb8+ Kg7 48. Rb7 Kf8 49. Ke2 Ra8 50. h3 Rc8 51. Kd3 Rd8+ 52. Kc2 Rd4 53. Bd3 Rd5 54. Bc4 Rd8 55. Rc7 Rd4 56. Rc6 Re4 57. Kd2 Rd4+ 58. Bd3 g5 59. Ke3 Rd5 60. Ke2 gxf4 61. gxf4 Bh4 62. Rc4 Be7 1/2-1/2